Responses for Show #4513 - Wednesday, March 31, 2004

Contestants

[<< previous game]

Linda Garvin, a systems analyst from Tenafly, New Jersey

Becky Galipeau, a customer service representative from Lowell, Massachusetts

David Seminer, a neurologist from Sacramento, California (whose 1-day cash winnings total $22,601)

[next game >>]

Jeopardy! Round responses

RELIGION
FIRST NAME'S THE SAME
1961
FISHY BUSINESS
MADONNA SONGS
ARCHAIC WORDS
    $200 8
Gabriel

David
    $200 3
Billy

David
    $200 18
Cuba

David
    $200 10
bobblehead doll

Becky
    $200 1
"Like A Virgin"

David
    $200 9
gild

David
    $400 23
(South) Korea

Becky
    $400 4
Michelle

David
    $400 19
Patsy Cline

David
    $400 24
Chicken of the Sea

David
    $400 2
"Material Girl"

David
    $400 14
blindfold

Linda
    $600 28
the Passion Facade

Triple Stumper
    $600 5
Stephen

David
    $600 20
(South) Vietnam

Linda
    $600 25
StarKist

Becky
    $600 11
"Holiday"

Becky
    $600 15
podiatry

Becky
    $800 29
Shintoism

David
    $800 6
Lorraine

Becky
    $800 21
Robert Frost

David
    $800 26
salmon

David
    $800 12
"Music"

Becky
    $3,000 16
a week

Becky
    $1000 30
Sikhism

David
    $1000 7
Kathy

David
    $1000 22
Alan Shepard

Linda
    $1000 27
Mrs. Paul's

David
    $1000 13
"Papa Don't Preach"

David
    $1000 17
durst

David

Scores at the first commercial break (after clue 15):

David Becky Linda
$4,200 $3,000 $400

Scores at the end of the Jeopardy! Round:

David Becky Linda
$10,600 $7,000 $2,000

Double Jeopardy! Round responses

THE ELEMENTS
eBay
QUOTATIONS
4-LETTER RIVERS
Q-P
(Alex: Each correct response will begin with the letter "Q" & there will be a "P" somewhere in the word, not necessarily at the end of the word.)
DOLL
    $400 2
oxygen

Linda
    $400 5
Niagara Falls

Becky
    $400 22
statistics

David
    $400 21
the Nile

David
    $400 1
quadraphonic

David
    $400 6
I Love Lucy

David
    $800 3
potassium

David
    $800 17
lunchbox

David
    $800 23
(Linda: What are familiar quotations?)

his last words

Linda
Triple Stumper
    $1,400 27
the Ohio

David
    $800 7
a quantum leap

David
    $800 11
"Who's on First?"

David
    $1200 4
arsenic

David
    $1200 18
I Dream of Jeannie

David
    $1200 24
the twain shall meet

Becky
    $1200 28
(Linda: What is the Danube?)

the Elbe

Linda
Triple Stumper
    $1200 8
Quisp

David
    $1200 13
Monty Python and the Holy Grail

David
    $1600 12
sulfur/sulphur

Becky
    $1,000 19
(David: What is "Interview with the Vampire?")

Fight Club

David
    $1600 25
(Alex: And we have about a minute left.)

experience

David
    $1600 29
the Ural

David
    $1600 9
Daniel Quilp

Triple Stumper
    $1600 15
Raggedy Ann

David
    $2000 14
mercury

Linda
    $2000 20
the Cal Neva Lodge

David
    $2000 26
The Social Contract

Triple Stumper
    $2000 30
the Mill River

Triple Stumper
    $2000 10
Quaking aspen

Triple Stumper
    $2000 16
Animal House

David

Scores at the end of the Double Jeopardy! Round:

David Becky Linda
$29,400 $10,200 $2,400
(lock game)

[wagering suggestions for these scores]

Final Jeopardy! Round responses

HISTORIC NAMES
(Alex: The "Sun King".)
LindaWho was Louis XIV?
$2,300
BeckyWho is Louis XIV?
$10,200
DavidWho was Louis XIV?
$600
Louis XIV

Final scores:

David Becky Linda
$30,000 $20,400 $4,700
2-day champion: $52,601 2nd place: $2,000 3rd place: $1,000

Game dynamics:

Coryat scores:

David Becky Linda
$29,800 $8,000 $2,400
36 R
(including 1 DD),
1 W
(including 1 DD)
11 R
(including 1 DD),
0 W
5 R,
2 W

Combined Coryat: $40,200

[game clues] [game scores] [suggest correction]

Game tape date: 2004-01-21
The J! Archive is created by fans, for fans. Scraping, republication, monetization, and malicious use prohibited; this site may use cookies and collect identifying information. See terms. The Jeopardy! game show and all elements thereof, including but not limited to copyright and trademark thereto, are the property of Jeopardy Productions, Inc. and are protected under law. This website is not affiliated with, sponsored by, or operated by Jeopardy Productions, Inc. Join the discussion at JBoard.tv.